书目信息 |
| 题名: |
台湾乙未战纪
|
|
| 作者: | 陈伟芳 著 | |
| 分册: | ||
| 出版信息: | 南宁 广西人民出版社 1981 |
|
| 页数: | 115页 | |
| 开本: | 19cm | |
| 丛书名: | ||
| 单 册: | ||
| 中图分类: | K256.4 | |
| 科图分类: | ||
| 主题词: | 抗日斗争--台湾--清代 | |
| 电子资源: | ||
| ISBN: | ||
| 000 | 00610nam0 2200229 45 | |
| 001 | 0181010030 | |
| 005 | 20060912155040.00 | |
| 010 | @dCNY0.35 | |
| 091 | @aCN@b11113.33 | |
| 100 | @a19950509d1981 em y0chiy0121 ea | |
| 101 | 0 | @achi |
| 102 | @aCN@b450000 | |
| 105 | @af z 000yy | |
| 200 | 10 | @a台湾乙未战纪@Atai wan yi wei zhan ji@f陈伟芳著 |
| 210 | @a南宁@c广西人民出版社@d1981 | |
| 215 | @a115页@c插图@d19cm | |
| 606 | @a抗日斗争@y台湾@z清代 | |
| 690 | @aK256.4@v3 | |
| 701 | 0 | @a陈伟芳@Achen wei fang@4著 |
| 801 | 2 | @aCN@bNLC@c20060912 |
| 801 | 0 | @aCN@bTSSF@c20060814 |
| 905 | @a10447@dK256.4@e37 | |
| 台湾乙未战纪/陈伟芳著.-南宁:广西人民出版社,1981 |
| 115页:插图;19cm |
| ISBN :CNY0.35 |
| ● |
| 相关链接 |
|
|
|
|
正题名:台湾乙未战纪
索取号:K256.4/37
 
预约/预借
| 序号 | 登录号 | 条形码 | 馆藏地/架位号 | 状态 | 备注 |
| 1 | 0443850 | 204438509 | 密集书库/ [索取号:K256.4/37] | 在馆 | |
| 2 | 0462600 | 204626002 | 密集书库/ [索取号:K256.4/37] | 在馆 | |
| 3 | 0474986 | 204749861 | 密集书库/ [索取号:K256.4/37] | 在馆 |